| 000 | 00543nam a22002057a 4500 | ||
|---|---|---|---|
| 003 | SEACOMEC | ||
| 005 | 20240323125734.0 | ||
| 008 | 240323b |||||||| |||| 00| 0 eng d | ||
| 020 |
_a 978-0074637364 _cRs.360.00 |
||
| 040 | _aSEACOMEC | ||
| 041 | _aEnglish | ||
| 082 |
_a621.381 _bM654 |
||
| 100 | _a Millman, Jacob | ||
| 245 |
_aMICROELECTRONICS _c Jacob Millman and Arvin Grabel |
||
| 250 | _a2nd | ||
| 260 |
_aNew Delhi _bMcGraw Hill Education _c2005 |
||
| 300 |
_a1024p _c20 x 14 x 4 cm |
||
| 700 | _aGrabel, Arvin | ||
| 942 | _cBOOK | ||
| 999 |
_c842 _d842 |
||